000 00609nam a2200241Ia 4500
005 20260306150713.0
008 008 260114s9999 xx 000 0 eng d
020 _a9781637790458
037 _aEbook
040 _aCRL
040 _beng
040 _cCRL
041 _2eng
041 _aeng
084 _qCRL
245 0 _aBipolar Bear and the Terrible, Horrible, No Good, Very Bad Health Insurance
260 _bPenn State University Press
260 _c2022
650 _aMedicine
856 _uhttps://www.degruyter.com/isbn/9781637790458
942 _cEBOOK
999 _c1698923
_d1698923